000 01284nam a2200397 i 4500
001 1590
003 KOSZ 005
005 20190925125721.0
008 000114s1981 pl a f f |001 0 pol
015 _aPB 1981/1552
020 _a8301018437
035 _a(OCoLC)749608550
040 _aWA N
_cWA N
_dKOSZ 005/HR
041 0 _apol
080 _a531.7
080 _a519.2
080 _a(075.8)
245 0 0 _aTeoria pomiarów /
_cpod red. Henryka Szydłowskiego ; [oprac. H. Szydłowski et al.].
260 _aWarszawa :
_bPańst. Wydaw. Naukowe,
_c1981.
300 _a441, [2] s. :
_bil., tab., wykr. ;
_c21 cm.
336 _2rdacontent
_aTekst
_btxt
337 _2rdamedia
_aBez urządzenia pośredniczącego
_bn
338 _2rdacarrier
_aWolumin
_bnc
380 _aKsiążki
385 _mPoziom nauczania
_aSzkoły wyższe
388 _a1901-2000
388 _a1945-1989
504 _aBibliogr. s. 430. - Indeksy.
658 _aFizyka i astronomia
655 4 _aPodręczniki akademickie
650 4 _aPomiary
650 4 _aStatystyka matematyczna
700 1 _aSzydłowski, Henryk
_d(1932- ).
_eAutor
_eRedakcja
856 _uhttp://koha.tu.koszalin.pl/cgi-bin/koha/opac-detail.pl?biblionumber=1590
_yKatalog online BPK
942 _2UKD
_cKS
999 _c1590
_d1590